000
00235 a2200097 4500
001
39808
100
_a
Smith C J
245
_a
General Properties of Matter
260
_a
Calcutta
_b
Radha Publishing House
_c
1985
090
_c
24813
_d
24813
942
_a
NUST-CAE
_c
M
_c
16462
999
_c
274881
_d
274881